Istilah biologi : Bahasa Inggeris - Bahasa Malaysia, Bahasa Malaysia - Bahasa Inggeris

Bibliographic Details
Format: Book
Published: Kuala Lumpur : Dewan Bahasa dan Pustaka , 1980
Subjects:

MARC

LEADER 00000cam a2200000 7i4500
001 0000003644
005 20220522093000.0
008 021118s1980
090 0 0 |a QH302.5   |b .I87 
245 0 0 |a Istilah biologi :   |b Bahasa Inggeris - Bahasa Malaysia, Bahasa Malaysia - Bahasa Inggeris 
260 2 |a Kuala Lumpur :   |b Dewan Bahasa dan Pustaka ,   |c 1980 
300 |a 388 ms. ; ;   |c 18 sm. 
650 0 |a Biology   |v Terminology 
999 |a 1000051932   |b Book   |c Reference   |e Medical Campus 
999 |a 1000051933   |b Book   |c Reference   |e Medical Campus